[Event "DVM U20w 2003"]
[Site "Ditzingen GER"]
[Date "2003.12.28"]
[Round "4"]
[White "Goedeke Tort, Maheba"]
[Black "Knolle, Lisa"]
[Result "0-1"]
[Termination "normal"]
[Board "4.4"]
[WhiteElo "1461"]
[BlackElo "1325"]
[WhiteTeam "Hamburger SK von 1830"]
[BlackTeam "TSV Zeulenroda"]
[PlyCount "82"]
[EventCountry "GER"]
[EventRounds "7"]
[EventType "team-swiss"]
[EventDate "2003.12.26"]

1. e4 e5 2. Nf3 Nc6 3. Bc4 Bc5 4. Nc3 d6 5. h3 Be6 6. Bb3 Nf6 7. d3 h6 8. O-O
O-O 9. Bd2 Nh7 10. Qe2 Qf6 11. Kh1 Qg6 12. Nh4 Qf6 13. Nf3 Qe7 14. Rad1 f5 15.
exf5 Rxf5 16. Ne4 Bb6 17. Ng3 Rf7 18. Bc3 Raf8 19. Bxe6 Qxe6 20. d4 Qg6 21.
dxe5 Nxe5 22. Nxe5 dxe5 23. Bxe5 Re7 24. Qc4+ Kh8 25. Bd4 Ref7 26. Bxb6 axb6
27. Qe4 Qg5 28. Kg1 c6 29. Qd4 Nf6 30. Qxb6 Nd5 31. Qd4 Nf4 32. Qd2 Qe5 33. Qd4
Qg5 34. Qd2 Qe5 35. c3 h5 36. Rde1 Qg5 37. f3 Qxg3 38. Kh1 Rd7 39. Qc2 Rfd8 40.
Qf2 Qxf2 41. Rxf2 Nd3 0-1

[Event "DVM U20w 2003"]
[Site "Ditzingen GER"]
[Date "2003.12.28"]
[Round "4"]
[White "Weiß, Katharina"]
[Black "Schulz, Stefanie"]
[Result "0-1"]
[Termination "normal"]
[Board "5.1"]
[WhiteElo "1618"]
[BlackElo "2097"]
[WhiteTeam "ESV Delitzsch"]
[BlackTeam "SK König Tegel 49"]
[PlyCount "82"]
[WhiteFideId "24692859"]
[BlackFideId "4693060"]
[EventCountry "GER"]
[EventRounds "7"]
[EventType "team-swiss"]
[EventDate "2003.12.26"]

1. e4 g6 2. d4 Bg7 3. Nc3 d6 4. Nf3 Nf6 5. Bc4 O-O 6. Be3 c6 7. d5 b5 8. Bb3 b4
9. Ne2 Nxe4 10. Bd4 Nf6 11. c4 c5 12. Be3 Ng4 13. Bd2 Bxb2 14. h3 Ne5 15. Nxe5
Bxe5 16. Rb1 Bf5 17. Bc2 Bxc2 18. Qxc2 Bg7 19. O-O Nd7 20. Rfe1 Nb6 21. Ng3 Qd7
22. Bg5 Rac8 23. Re4 e5 24. f3 f5 25. Re2 h6 26. Bd2 Kh7 27. Rbe1 a5 28. a3 Ra8
29. Ra1 Rfb8 30. a4 Re8 31. Ra2 Re7 32. Nh1 Rae8 33. Nf2 Qc8 34. Bc1 Qa6 35.
Bb2 Qxc4 36. Qxc4 Nxc4 37. Nd3 e4 38. fxe4 Bxb2 39. Nxb2 Nxb2 40. Raxb2 Rxe4
41. Red2 c4 0-1

[Event "DVM U20w 2003"]
[Site "Ditzingen GER"]
[Date "2003.12.28"]
[Round "4"]
[White "Rath, Alina"]
[Black "Müller, Silvana"]
[Result "1-0"]
[Termination "normal"]
[Board "5.2"]
[WhiteElo "1724"]
[BlackElo "1418"]
[WhiteTeam "SK König Tegel 49"]
[BlackTeam "ESV Delitzsch"]
[PlyCount "119"]
[WhiteFideId "24607886"]
[EventCountry "GER"]
[EventRounds "7"]
[EventType "team-swiss"]
[EventDate "2003.12.26"]

1. c4 e5 2. Nc3 Nf6 3. e4 Bc5 4. d3 h6 5. h3 c6 6. Nf3 d6 7. g3 Be6 8. Bg2 a6
9. O-O b5 10. b3 Nbd7 11. Kh2 Qb6 12. Qe2 bxc4 13. dxc4 Qa5 14. Bd2 Bb4 15. Na4
Bxd2 16. Nxd2 O-O 17. Rfd1 d5 18. exd5 cxd5 19. Nb2 Rfe8 20. cxd5 Bxd5 21. Nbc4
Qc5 22. Bxd5 Qxd5 23. Nf3 Qe6 24. Re1 e4 25. Nd4 Qd5 26. Rad1 Rad8 27. Nc2 Qc6
28. Rd6 Qc7 29. Rxa6 Nc5 30. Ra5 Nd3 31. Rf1 Nd5 32. N2e3 Nxe3 33. Qxe3 Ne5 34.
Rc5 Nxc4 35. Rxc4 Qa5 36. Rxe4 Rxe4 37. Qxe4 Qxa2 38. b4 Rb8 39. Kg2 Qa3 40.
Rb1 f5 41. Qd5+ Kh8 42. b5 Rf8 43. b6 Qe7 44. b7 Qc7 45. Qb5 Rb8 46. Qd5 Qc2
47. Re1 Qc7 48. Rb1 Qc2 49. Rb5 Kh7 50. Rc5 Qb1 51. Rc7 Qe4+ 52. Qxe4 fxe4 53.
g4 Kg6 54. Kg3 Kf6 55. Kf4 g5+ 56. Kxe4 Ke6 57. Rh7 Kd6 58. Rxh6+ Kc7 59. Rh7+
Kb6 60. Kf5 1-0

[Event "DVM U20w 2003"]
[Site "Ditzingen GER"]
[Date "2003.12.28"]
[Round "4"]
[White "Warnick, Anita"]
[Black "Neldner, Uta"]
[Result "0-1"]
[Termination "normal"]
[Board "5.3"]
[WhiteElo "883"]
[BlackElo "1702"]
[WhiteTeam "ESV Delitzsch"]
[BlackTeam "SK König Tegel 49"]
[PlyCount "64"]
[BlackFideId "24604070"]
[EventCountry "GER"]
[EventRounds "7"]
[EventType "team-swiss"]
[EventDate "2003.12.26"]

1. e4 c5 2. Nc3 Nc6 3. Bc4 Nf6 4. Nf3 d6 5. Nd5 e6 6. Nxf6+ Qxf6 7. O-O Be7 8.
d3 h6 9. Bd2 O-O 10. Bc3 e5 11. h3 Qg6 12. Kh2 Be6 13. Bxe6 fxe6 14. a3 a5 15.
Qd2 Qh5 16. b4 axb4 17. axb4 Rxa1 18. Rxa1 Nd4 19. Bxd4 exd4 20. b5 Bf6 21. Qa5
d5 22. exd5 Qxd5 23. Qc7 Bd8 24. Qb8 Bh4 25. Qc7 Bxf2 26. Ra7 Be3 27. Rxb7 Bf4+
28. Qxf4 Rxf4 29. Rb8+ Kh7 30. b6 Rxf3 31. gxf3 Qd6+ 32. Kg2 Qxb8 0-1

[Event "DVM U20w 2003"]
[Site "Ditzingen GER"]
[Date "2003.12.28"]
[Round "4"]
[White "Reiske, Anne"]
[Black "Stutz, Andrea"]
[Result "1-0"]
[Termination "normal"]
[Board "6.1"]
[WhiteElo "1631"]
[BlackElo "1983"]
[WhiteTeam "TSG Mutterstadt"]
[BlackTeam "SC Tamm 74"]
[PlyCount "61"]
[WhiteFideId "24635472"]
[BlackFideId "4697146"]
[EventCountry "GER"]
[EventRounds "7"]
[EventType "team-swiss"]
[EventDate "2003.12.26"]

1. e4 Nf6 2. e5 Nd5 3. Bc4 Nb6 4. Bb3 e6 5. Nf3 d6 6. d3 Nc6 7. Qe2 Be7 8. Nc3
O-O 9. Bd2 dxe5 10. Nxe5 Nxe5 11. Qxe5 Bf6 12. Qg3 Bd7 13. O-O-O a5 14. a3 Bc6
15. Ne4 e5 16. h4 Bxe4 17. dxe4 Qe7 18. Qh3 a4 19. Ba2 Rfd8 20. g4 Qc5 21. g5
Be7 22. Bb4 Rxd1+ 23. Rxd1 Qc6 24. Bxe7 Qxe4 25. Qg3 Re8 26. Bb4 c6 27. Re1 Qf5
28. h5 Nd5 29. Bd2 b5 30. Bb1 c5 31. c4 1-0

[Event "DVM U20w 2003"]
[Site "Ditzingen GER"]
[Date "2003.12.28"]
[Round "4"]
[White "Bonfert, Nadine"]
[Black "Auburger, Kirstin"]
[Result "0-1"]
[Termination "normal"]
[Board "6.2"]
[WhiteElo "1584"]
[BlackElo "1673"]
[WhiteTeam "SC Tamm 74"]
[BlackTeam "TSG Mutterstadt"]
[PlyCount "104"]
[WhiteFideId "4633636"]
[BlackFideId "24620726"]
[EventCountry "GER"]
[EventRounds "7"]
[EventType "team-swiss"]
[EventDate "2003.12.26"]

1. e4 d5 2. exd5 Qxd5 3. Nc3 Qa5 4. d4 c6 5. Nf3 Nf6 6. Be2 Bg4 7. O-O e6 8.
Be3 Bb4 9. Qd3 Bf5 10. Qc4 Bxc3 11. bxc3 Bxc2 12. Rac1 Ba4 13. Qd3 O-O 14. Ne5
Nbd7 15. Nxd7 Nxd7 16. Bf4 Rfd8 17. Qe3 Rac8 18. Bg5 Re8 19. Bd3 Nf8 20. Rfe1
c5 21. Be4 Bc6 22. Bxc6 Rxc6 23. Qd2 f6 24. Be3 Rd8 25. Qb2 Rb6 26. Qc2 cxd4
27. cxd4 Rc6 28. Qb2 Qd5 29. h3 Ng6 30. Red1 Ra6 31. Rc2 Nh4 32. f3 Nf5 33. Bf2
e5 34. Rcd2 e4 35. fxe4 Qxe4 36. Re1 Qd5 37. Red1 Nd6 38. Kh1 Nc4 39. Qc2 Nxd2
40. Rxd2 Rc6 41. Qa4 a6 42. Qd1 b5 43. Re2 Rdc8 44. Kh2 Re6 45. Rd2 Rc3 46. Bg3
a5 47. Re2 Rxe2 48. Qxe2 Kf7 49. Qd2 Ra3 50. Qf4 Rxa2 51. Qc7+ Kg6 52. Qf4
Qxg2# 0-1

[Event "DVM U20w 2003"]
[Site "Ditzingen GER"]
[Date "2003.12.28"]
[Round "4"]
[White "Schulz, Ann-Kristin"]
[Black "Rüdel, Anita"]
[Result "0-1"]
[Termination "normal"]
[Board "6.3"]
[WhiteElo "1380"]
[BlackElo "1438"]
[WhiteTeam "TSG Mutterstadt"]
[BlackTeam "SC Tamm 74"]
[PlyCount "64"]
[EventCountry "GER"]
[EventRounds "7"]
[EventType "team-swiss"]
[EventDate "2003.12.26"]

1. e4 e6 2. d4 d5 3. exd5 exd5 4. Bd3 Bd6 5. Nc3 c6 6. Nge2 Be6 7. Bf4 Ne7 8.
O-O Qc7 9. Qd2 Nd7 10. Rfe1 O-O-O 11. Bxd6 Qxd6 12. Qf4 Nf6 13. Na4 Rhe8 14.
Nc5 Qxf4 15. Nxf4 Bd7 16. b4 g5 17. Ne2 Bf5 18. Nc1 Bxd3 19. N1xd3 Nf5 20. c3
b6 21. Nb3 Nd6 22. Ne5 Kb7 23. a4 Nfe4 24. f3 Nxc3 25. Re3 f6 26. Nxc6 Rxe3 27.
Nxd8+ Kc7 28. Kf2 Re2+ 29. Kf1 Kxd8 30. Rc1 Re3 31. Kf2 Nd1+ 32. Rxd1 Rxb3 0-1

[Event "DVM U20w 2003"]
[Site "Ditzingen GER"]
[Date "2003.12.28"]
[Round "4"]
[White "Haecker, Christine"]
[Black "Hetterich, Tanja"]
[Result "0-1"]
[Termination "normal"]
[Board "6.4"]
[WhiteElo "1095"]
[BlackElo "1140"]
[WhiteTeam "SC Tamm 74"]
[BlackTeam "TSG Mutterstadt"]
[PlyCount "86"]
[EventCountry "GER"]
[EventRounds "7"]
[EventType "team-swiss"]
[EventDate "2003.12.26"]

1. e4 c5 2. Nf3 d6 3. Nc3 g6 4. Bc4 Bg4 5. h3 Bxf3 6. Qxf3 Nf6 7. d3 Bg7 8. O-O
O-O 9. Re1 Nc6 10. Nd5 Nxd5 11. Bxd5 Nd4 12. Qd1 Rb8 13. c3 Nb5 14. Bc4 Nc7 15.
Qg4 b5 16. Bb3 Na8 17. Bd5 Nb6 18. Rb1 Nxd5 19. exd5 b4 20. c4 Re8 21. Bg5 Rb7
22. b3 Qa5 23. Re2 Qc7 24. Rbe1 Qd8 25. Qf4 Be5 26. Qh4 a5 27. Re4 Ra7 28. Qh6
Bg7 29. Qh4 Be5 30. f4 Bd4+ 31. Kh2 f6 32. Bh6 Bc3 33. R1e2 Bd4 34. f5 Be5+ 35.
Kh1 g5 36. Bxg5 fxg5 37. Qxg5+ Bg7 38. Rg4 e6 39. Qh6 exf5 40. Rxe8+ Qxe8 41.
Rg5 Qe1+ 42. Kh2 Qe5+ 43. Rg3 Qxg3+ 0-1

[Event "DVM U20w 2003"]
[Site "Ditzingen GER"]
[Date "2003.12.29"]
[Round "5"]
[White "Beltz, Franziska"]
[Black "Rezai, Yuanne"]
[Result "1-0"]
[Termination "normal"]
[Board "1.1"]
[WhiteElo "1987"]
[BlackElo "1827"]
[WhiteTeam "SC Leipzig-Gohlis"]
[BlackTeam "SF Wadgassen-Differten"]
[PlyCount "61"]
[WhiteFideId "4681401"]
[EventCountry "GER"]
[EventRounds "7"]
[EventType "team-swiss"]
[EventDate "2003.12.26"]

1. e4 c5 2. Nf3 d6 3. d4 cxd4 4. Nxd4 Nf6 5. Nc3 g6 6. Be3 Bg7 7. Bc4 O-O 8. f3
Nc6 9. Qd2 Bd7 10. O-O-O Rc8 11. Bb3 Ne5 12. Kb1 Nc4 13. Bxc4 Rxc4 14. g4 Qc7
15. h4 Rc8 16. h5 Qa5 17. Nb3 Qc7 18. hxg6 fxg6 19. Bd4 Be6 20. Qh2 Kf8 21. Rd2
a5 22. e5 Ne8 23. exd6 exd6 24. Qxh7 a4 25. Bxg7+ Nxg7 26. Nd4 Bf7 27. Ndb5 Qb6
28. Rxd6 Qf2 29. Qh8+ Ke7 30. Qxg7 Qxf3 31. Re1+ 1-0

[Event "DVM U20w 2003"]
[Site "Ditzingen GER"]
[Date "2003.12.29"]
[Round "5"]
[White "Thiery, Jennifer"]
[Black "Beltz, Carmen"]
[Result "1-0"]
[Termination "normal"]
[Board "1.2"]
[WhiteElo "1688"]
[BlackElo "1752"]
[WhiteTeam "SF Wadgassen-Differten"]
[BlackTeam "SC Leipzig-Gohlis"]
[PlyCount "49"]
[BlackFideId "24608726"]
[EventCountry "GER"]
[EventRounds "7"]
[EventType "team-swiss"]
[EventDate "2003.12.26"]

1. e4 c5 2. Nf3 d6 3. d4 cxd4 4. Nxd4 Nf6 5. Nc3 g6 6. Be3 Bg7 7. Bc4 O-O 8. f3
Nc6 9. Qd2 Bd7 10. O-O-O Qa5 11. g4 Rfc8 12. Bb3 Ne5 13. h4 Nc4 14. Bxc4 Rxc4
15. h5 b5 16. Nb3 Qd8 17. hxg6 fxg6 18. Bh6 Rac8 19. Bxg7 Kxg7 20. Qh6+ Kg8 21.
g5 Nh5 22. Rxh5 gxh5 23. g6 hxg6 24. Qxg6+ Kf8 25. Rg1 1-0

[Event "DVM U20w 2003"]
[Site "Ditzingen GER"]
[Date "2003.12.29"]
[Round "5"]
[White "Helmbold, Irene"]
[Black "Dietzen, Corinna"]
[Result "1/2-1/2"]
[Termination "normal"]
[Board "1.3"]
[WhiteElo "1719"]
[BlackElo "1598"]
[WhiteTeam "SC Leipzig-Gohlis"]
[BlackTeam "SF Wadgassen-Differten"]
[PlyCount "98"]
[WhiteFideId "24600873"]
[BlackFideId "24621021"]
[EventCountry "GER"]
[EventRounds "7"]
[EventType "team-swiss"]
[EventDate "2003.12.26"]

1. e4 c5 2. Nf3 d6 3. d4 cxd4 4. Nxd4 Nf6 5. Nc3 g6 6. Be3 Bg7 7. Bc4 Nc6 8. f3
Bd7 9. Qd2 Rc8 10. Bb3 Ne5 11. g4 b5 12. Nd5 Nxd5 13. exd5 a5 14. a3 Nc4 15.
Bxc4 Rxc4 16. c3 Qa8 17. Ne2 O-O 18. Rd1 Rfc8 19. O-O Rf8 20. Bh6 f5 21. Bxg7
Kxg7 22. Ng3 Rc5 23. Qd4+ Kg8 24. h3 Rcc8 25. Ne2 Rf6 26. g5 Rf7 27. Nf4 Rc4
28. Qe3 Qc8 29. Kh1 Kg7 30. Rf2 Qc5 31. Qxc5 Rxc5 32. Rd4 Rf8 33. h4 Rh8 34. h5
Rcc8 35. Rh2 Kf7 36. Ng2 Rce8 37. Rdh4 Kg7 38. Nf4 gxh5 39. Rxh5 e5 40. dxe6
Bxe6 41. Nxe6+ Rxe6 42. Rh6 Rg6 43. Rxg6+ Kxg6 44. f4 Re8 45. Rh6+ Kg7 46. Rxd6
Re1+ 47. Kg2 Re2+ 48. Kf1 Rxb2 49. Rd5 Kg6 1/2-1/2

[Event "DVM U20w 2003"]
[Site "Ditzingen GER"]
[Date "2003.12.29"]
[Round "5"]
[White "Ley, Janine"]
[Black "Becker, Wilma"]
[Result "1-0"]
[Termination "normal"]
[Board "1.4"]
[WhiteElo "1388"]
[BlackElo "1511"]
[WhiteTeam "SF Wadgassen-Differten"]
[BlackTeam "SC Leipzig-Gohlis"]
[PlyCount "97"]
[WhiteFideId "24671274"]
[BlackFideId "24659290"]
[EventCountry "GER"]
[EventRounds "7"]
[EventType "team-swiss"]
[EventDate "2003.12.26"]

1. e4 e5 2. Nf3 Nc6 3. Bc4 Bc5 4. Nc3 d6 5. d3 h6 6. Be3 Bb6 7. Bxb6 axb6 8. d4
Bg4 9. dxe5 Nxe5 10. Be2 Nc6 11. Nd4 Bd7 12. O-O Nf6 13. f3 O-O 14. a3 Ne5 15.
Qd2 Bc6 16. f4 Ng6 17. Bd3 Re8 18. Rae1 Qd7 19. Nf5 d5 20. e5 Ne4 21. Bxe4 dxe4
22. Qxd7 Bxd7 23. Ng3 Bc6 24. Ngxe4 Rad8 25. g3 Ne7 26. Rd1 Nf5 27. Kf2 Rd4 28.
Rfe1 Red8 29. Rxd4 Rxd4 30. g4 Ne7 31. Ke3 Rd7 32. Rd1 Rxd1 33. Nxd1 Nd5+ 34.
Kf3 Kf8 35. Ne3 Ne7 36. f5 Ke8 37. h4 Kf8 38. Kf4 Nd5+ 39. Nxd5 Bxd5 40. b3 Ke7
41. c4 Bc6 42. Nc3 Bd7 43. Nd5+ Kd8 44. a4 Kc8 45. h5 Kd8 46. g5 hxg5+ 47. Kxg5
Bc8 48. f6 gxf6+ 49. exf6 1-0

[Event "DVM U20w 2003"]
[Site "Ditzingen GER"]
[Date "2003.12.29"]
[Round "5"]
[White "Winnicki, Alice"]
[Black "Wolfram, Julia"]
[Result "1-0"]
[Termination "normal"]
[Board "2.1"]
[WhiteElo "2032"]
[BlackElo "1406"]
[WhiteTeam "SK Johanneum Eppendorf"]
[BlackTeam "TSV Zeulenroda"]
[PlyCount "53"]
[WhiteFideId "4687990"]
[EventCountry "GER"]
[EventRounds "7"]
[EventType "team-swiss"]
[EventDate "2003.12.26"]

1. e4 c5 2. Nf3 Nc6 3. c3 g6 4. d4 cxd4 5. cxd4 d6 6. Nc3 Bg7 7. Be3 Nf6 8. h3
O-O 9. Bc4 a6 10. O-O b5 11. Bd3 Bb7 12. Nd2 Rc8 13. f4 Nd7 14. Nf3 Nb4 15. Bb1
d5 16. e5 Nb6 17. Qe1 e6 18. Nxb5 axb5 19. Qxb4 Nc4 20. Bc1 Bc6 21. Bd3 Qb6 22.
b3 Na5 23. Bd2 Ra8 24. a4 Rfb8 25. axb5 Bxb5 26. Bxb5 Qxb5 27. Rxa5 1-0

[Event "DVM U20w 2003"]
[Site "Ditzingen GER"]
[Date "2003.12.29"]
[Round "5"]
[White "Kohl, Annette"]
[Black "Chin, Karin"]
[Result "0-1"]
[Termination "normal"]
[Board "2.2"]
[WhiteElo "1494"]
[BlackElo "1775"]
[WhiteTeam "TSV Zeulenroda"]
[BlackTeam "SK Johanneum Eppendorf"]
[PlyCount "38"]
[BlackFideId "24608157"]
[EventCountry "GER"]
[EventRounds "7"]
[EventType "team-swiss"]
[EventDate "2003.12.26"]

1. e4 c5 2. Nf3 Nc6 3. d4 cxd4 4. Nxd4 g6 5. Be3 Bg7 6. Nc3 Nf6 7. Bc4 O-O 8.
O-O Ne5 9. Be2 d5 10. exd5 Nxd5 11. Nxd5 Qxd5 12. Nf5 Nf3+ 13. Bxf3 Qxf5 14. c3
Qa5 15. Re1 e5 16. Qd5 Qc7 17. Qc5 Qd7 18. Rad1 Qf5 19. g3 Qxf3 0-1

[Event "DVM U20w 2003"]
[Site "Ditzingen GER"]
[Date "2003.12.29"]
[Round "5"]
[White "Schmidt, Jade"]
[Black "Weise, Lisa"]
[Result "1/2-1/2"]
[Termination "normal"]
[Board "2.3"]
[WhiteElo "1699"]
[BlackElo "1277"]
[WhiteTeam "SK Johanneum Eppendorf"]
[BlackTeam "TSV Zeulenroda"]
[PlyCount "121"]
[EventCountry "GER"]
[EventRounds "7"]
[EventType "team-swiss"]
[EventDate "2003.12.26"]

1. d4 Nf6 2. c4 d6 3. Nc3 Nbd7 4. e4 e6 5. Be3 Be7 6. Bd3 O-O 7. Nf3 h6 8. h3
Nh7 9. Qd2 Bf6 10. O-O-O c5 11. d5 Ne5 12. Nxe5 Bxe5 13. f4 Bf6 14. g4 Bd7 15.
Qc2 e5 16. Kb1 Rb8 17. Rdf1 Qe8 18. f5 Bh4 19. Bf2 Qe7 20. Bxh4 Qxh4 21. Qf2
Qxf2 22. Rxf2 f6 23. h4 a6 24. Kc1 b5 25. cxb5 axb5 26. b3 Rfc8 27. Rhh2 b4 28.
Nd1 Bb5 29. Bxb5 Rxb5 30. Ne3 Rd8 31. Nc4 Rd7 32. Kb2 Kf7 33. Rf1 Ke7 34. Rhh1
Rdb7 35. Rhg1 Rd7 36. Ra1 Rdb7 37. a3 bxa3+ 38. Rxa3 Rb4 39. Kc3 Kd7 40. Rb1
Nf8 41. Ra6 Ke7 42. Nxd6 Rc7 43. Nc4 Kd7 44. Rba1 Rcb7 45. Nd2 Ke7 46. Ra7 Rxa7
47. Rxa7+ Nd7 48. Nc4 Kd8 49. Ra4 Rb5 50. Ra5 Rb4 51. Ra8+ Ke7 52. Ra4 Rb5 53.
b4 Kd8 54. Na3 cxb4+ 55. Rxb4 Rc5+ 56. Nc4 Rc8 57. Kd2 Nc5 58. Ke3 Na6 59. Ra4
Nc5 60. Rb4 Na6 61. Ra4 1/2-1/2

[Event "DVM U20w 2003"]
[Site "Ditzingen GER"]
[Date "2003.12.29"]
[Round "5"]
[White "Knolle, Lisa"]
[Black "Rohlfs, Ricarda"]
[Result "0-1"]
[Termination "normal"]
[Board "2.4"]
[WhiteElo "1325"]
[BlackElo "1671"]
[WhiteTeam "TSV Zeulenroda"]
[BlackTeam "SK Johanneum Eppendorf"]
[PlyCount "80"]
[EventCountry "GER"]
[EventRounds "7"]
[EventType "team-swiss"]
[EventDate "2003.12.26"]

1. e4 c5 2. Nc3 e6 3. Nf3 Nc6 4. d3 a6 5. Bf4 b5 6. a3 Bb7 7. b3 g6 8. Ne2 d6
9. g3 Bg7 10. Ra2 Qe7 11. Bh3 Nf6 12. O-O h6 13. Be3 g5 14. Bg2 Ng4 15. c3 Nxe3
16. fxe3 h5 17. d4 g4 18. Nh4 Bf6 19. Qe1 Bxh4 20. gxh4 O-O-O 21. Nf4 Nb8 22.
Raf2 Qxh4 23. Ne2 Rh7 24. e5 Bxg2 25. Kxg2 Qh3+ 26. Kg1 Qxe3 27. exd6 Rxd6 28.
dxc5 Qxc5 29. Nd4 Rd7 30. Kh1 Rg7 31. b4 Qd5+ 32. Kg1 g3 33. Rf3 gxh2+ 34. Kxh2
Qd6+ 35. Kh1 Nc6 36. Nxc6 Qxc6 37. Qh4 Rd3 38. Qxh5 Rg3 39. Qh8+ Kb7 40. Qh7
Rdxf3 0-1

[Event "DVM U20w 2003"]
[Site "Ditzingen GER"]
[Date "2003.12.29"]
[Round "5"]
[White "Kind, Veronika"]
[Black "Schulz, Stefanie"]
[Result "0-1"]
[Termination "normal"]
[Board "3.1"]
[WhiteElo "1829"]
[BlackElo "2097"]
[WhiteTeam "SV Glück auf Rüdersdorf"]
[BlackTeam "SK König Tegel 49"]
[PlyCount "104"]
[BlackFideId "4693060"]
[EventCountry "GER"]
[EventRounds "7"]
[EventType "team-swiss"]
[EventDate "2003.12.26"]

1. e4 c5 2. Nf3 Nc6 3. d4 cxd4 4. Nxd4 e5 5. Nb5 a6 6. Nd6+ Bxd6 7. Qxd6 Qf6 8.
Qc7 Nge7 9. Nc3 O-O 10. Be3 Nd4 11. O-O-O Nec6 12. Nd5 Qd8 13. Qxd8 Rxd8 14.
Nb6 Rb8 15. c3 Ne6 16. Rd6 Kf8 17. Be2 Ke7 18. Rhd1 Ke8 19. Nxc8 Rdxc8 20. Bg4
b5 21. Rxd7 b4 22. Bxe6 fxe6 23. c4 b3 24. a3 Ne7 25. Bg5 Ng6 26. Rxg7 Rxc4+
27. Kb1 Rxe4 28. Rg8+ Nf8 29. Bh6 Kf7 30. Rg7+ Kf6 31. Rc1 Re2 32. Rcc7 e4 33.
Rgf7+ Kg6 34. Rxf8 Rxf8 35. Bxf8 Rxf2 36. Bd6 e3 37. Bg3 Rxg2 38. Rc1 Kf5 39.
Re1 Ke4 40. Bb8 Kd3 41. Be5 h5 42. Bf4 e2 43. Kc1 Rf2 44. Bg3 Rf1 45. Bh4 Rxe1+
46. Bxe1 e5 47. Bg3 e4 48. Bh4 e3 49. Bg3 Ke4 50. Be1 Kf3 51. Bg3 Kg2 52. Be1
Kf1 0-1

[Event "DVM U20w 2003"]
[Site "Ditzingen GER"]
[Date "2003.12.29"]
[Round "5"]
[White "Rath, Alina"]
[Black "Hönecke, Judith"]
[Result "0-1"]
[Termination "normal"]
[Board "3.2"]
[WhiteElo "1724"]
[BlackElo "1779"]
[WhiteTeam "SK König Tegel 49"]
[BlackTeam "SV Glück auf Rüdersdorf"]
[PlyCount "68"]
[WhiteFideId "24607886"]
[BlackFideId "4696328"]
[EventCountry "GER"]
[EventRounds "7"]
[EventType "team-swiss"]
[EventDate "2003.12.26"]

1. c4 e6 2. d4 Nf6 3. Nf3 d5 4. Bg5 Nbd7 5. e3 c6 6. Nc3 Qa5 7. a3 Ne4 8. Qa4
Qxa4 9. Nxa4 dxc4 10. Nc3 Nxc3 11. bxc3 b5 12. Be2 Bd6 13. O-O e5 14. Nd2 Nb6
15. Bf3 Nd5 16. Ne4 Bc7 17. Rfc1 h6 18. Bh4 g5 19. Nxg5 hxg5 20. Bxg5 exd4 21.
exd4 Bxh2+ 22. Kf1 Bd6 23. Re1+ Be6 24. g3 Kd7 25. Bd2 Rae8 26. a4 Bh3+ 27. Kg1
Rxe1+ 28. Bxe1 a6 29. axb5 axb5 30. Ra7+ Bc7 31. Bd2 Be6 32. Bg2 Re8 33. Bf3
Bf5 34. Rb7 Be4 0-1

[Event "DVM U20w 2003"]
[Site "Ditzingen GER"]
[Date "2003.12.29"]
[Round "5"]
[White "Sdunzik, Jennifer"]
[Black "Neldner, Uta"]
[Result "1-0"]
[Termination "normal"]
[Board "3.3"]
[WhiteElo "1693"]
[BlackElo "1702"]
[WhiteTeam "SV Glück auf Rüdersdorf"]
[BlackTeam "SK König Tegel 49"]
[PlyCount "121"]
[WhiteFideId "24620475"]
[BlackFideId "24604070"]
[EventCountry "GER"]
[EventRounds "7"]
[EventType "team-swiss"]
[EventDate "2003.12.26"]

1. Nc3 d5 2. e4 dxe4 3. Nxe4 Bf5 4. Ng3 Bg6 5. h4 h6 6. h5 Bh7 7. d4 e6 8. Nf3
Nd7 9. Bc4 Bd6 10. Qe2 Nb6 11. Bb3 Qe7 12. Bd2 c6 13. O-O-O O-O-O 14. Ne5 Kb8
15. Rhe1 Nd5 16. Qf3 Ngf6 17. Re2 Rhe8 18. Rde1 Qc7 19. a4 Re7 20. Bc4 Bb4 21.
Bd3 Bxd2+ 22. Rxd2 Bxd3 23. Nxd3 Qa5 24. Nc5 Nd7 25. Nge4 N7b6 26. Qb3 Nf4 27.
g4 Rxd4 28. Qe3 e5 29. Rxd4 Nbd5 30. Rxd5 cxd5 31. Qc3 Qb6 32. a5 Qc6 33. Nd2
d4 34. Qb4 Rc7 35. Nde4 Nd5 36. Qc4 Kc8 37. Qa4 Qxa4 38. Nxa4 d3 39. c3 f6 40.
Kd2 Kd7 41. Kxd3 Kc6 42. Ra1 Nf4+ 43. Ke3 Kd5 44. b3 Ke6 45. Nac5+ Ke7 46. Rd1
b6 47. axb6 axb6 48. Na4 Rc6 49. c4 Ne6 50. Nac3 Nd4 51. Nd5+ Ke6 52. Nf4+
exf4+ 53. Kxd4 Rc7 54. Re1 Rd7+ 55. Kc3 Rc7 56. Ng3+ Kf7 57. Nf5 g6 58. Nd6+
Kf8 59. hxg6 Rd7 60. Nf5 b5 61. g7+ 1-0

[Event "DVM U20w 2003"]
[Site "Ditzingen GER"]
[Date "2003.12.29"]
[Round "5"]
[White "König, Laura"]
[Black "Busse, Nadine"]
[Result "0-1"]
[Termination "normal"]
[Board "3.4"]
[WhiteElo "1183"]
[BlackElo "1664"]
[WhiteTeam "SK König Tegel 49"]
[BlackTeam "SV Glück auf Rüdersdorf"]
[PlyCount "106"]
[BlackFideId "24632023"]
[EventCountry "GER"]
[EventRounds "7"]
[EventType "team-swiss"]
[EventDate "2003.12.26"]

1. e4 c5 2. Nf3 d6 3. d4 cxd4 4. Bc4 e6 5. Qe2 Qc7 6. O-O a6 7. Rd1 b5 8. Bb3
Nd7 9. c3 d3 10. Rxd3 Nc5 11. Rd1 Nxb3 12. axb3 Be7 13. b4 Bb7 14. b3 Nf6 15.
Nbd2 Qxc3 16. Ba3 Qc7 17. Rac1 Qb8 18. Bb2 e5 19. h3 O-O 20. Qe3 Rc8 21. Ne1
Rxc1 22. Rxc1 Qd8 23. Nd3 Rc8 24. f4 Rxc1+ 25. Bxc1 Qc7 26. Bb2 Qc6 27. fxe5
Nxe4 28. Nxe4 Qxe4 29. Qxe4 Bxe4 30. exd6 Bxd6 31. Nc5 Bc2 32. Nxa6 Bxb3 33.
Bc3 g6 34. Kf2 f5 35. Nc5 Bd5 36. Bd2 Kf7 37. Bc3 f4 38. Nd3 g5 39. Ne5+ Ke6
40. Nd3 h5 41. Bd2 Kf5 42. Be1 Ke4 43. Nc5+ Kf5 44. Bd2 Be5 45. Nd3 Bd4+ 46.
Kf1 Bc4 47. Ke2 Ke4 48. Ke1 Bxd3 49. Bc1 Bc3+ 50. Kf2 Bxb4 51. Bb2 Bc5+ 52. Ke1
b4 53. Kd2 Bf1 0-1

[Event "DVM U20w 2003"]
[Site "Ditzingen GER"]
[Date "2003.12.29"]
[Round "5"]
[White "Jehle, Anja"]
[Black "Blodig, Carolin"]
[Result "1/2-1/2"]
[Termination "normal"]
[Board "4.1"]
[WhiteElo "1520"]
[BlackElo "1946"]
[WhiteTeam "SV Wolfbusch"]
[BlackTeam "Allersberger SC 2000"]
[PlyCount "53"]
[WhiteFideId "24631434"]
[BlackFideId "4692012"]
[EventCountry "GER"]
[EventRounds "7"]
[EventType "team-swiss"]
[EventDate "2003.12.26"]

1. d4 f5 2. c4 g6 3. Nc3 Nf6 4. Nf3 Bg7 5. g3 O-O 6. Bg2 d6 7. Qb3 Kh8 8. O-O
Qe8 9. Bf4 c6 10. Rad1 Nbd7 11. d5 Nc5 12. Qc2 Bd7 13. b4 Nce4 14. Nxe4 Nxe4
15. Ng5 cxd5 16. Rxd5 Ba4 17. Qc1 Bc6 18. Rd3 e5 19. Bd2 Nxg5 20. Bxg5 Qe6 21.
Bxc6 bxc6 22. Rfd1 f4 23. Rxd6 Qf5 24. gxf4 exf4 25. Be7 Qg4+ 26. Kf1 Qh3+ 27.
Kg1 1/2-1/2